000 00678nam a2200181Ia 4500
008 100921s9999 xx 000 0 und d
082 _b26801
_a891.461 थ 79
100 _aखैर गजानन श्रीपत.अनु.
245 _aसर्वबोध पद्यगीता.
260 _bपुणे विद्यार्थीगृह प्रकाशन,पुणे.
_c1979
300 _a80
_b---
365 _b5
520 _aललित-काव्य.
630 _aसर्वबोध पद्यगीता.
650 _aललित-काव्य.
730 _aसर्वबोध पद्यगीता.
942 _cBOOK
999 _c775914
_d775911